200 derniers mots de Harry Potter et le prince de sang-mêlé - Statistiques

Statistiques générales
  • Ce quiz a été pris 254 fois
  • Le résultat moyen est 112 sur 200
Statistiques - réponses
Mots % Correct
s'
97%
d'
96%
l'
96%
L'
96%
à
95%
le
94%
- Le
94%
il
93%
Harry
92%
et
91%
de
90%
la
90%
Hermione
88%
Hermione.
88%
ma
88%
Ron.
88%
Ron
88%
se
86%
- Tu
85%
tu
85%
qu'
84%
nous
82%
- Nous
82%
ce
81%
Ce
81%
dit
81%
dit-
81%
du
81%
en
81%
que
81%
un
80%
te
79%
ne
78%
pour
78%
sa
78%
une
78%
était
74%
Mais
74%
mais,
74%
pas
74%
qui
74%
avec
70%
mon
70%
ça,
67%
quoi
67%
Ses
66%
toi
63%
mère
61%
si
61%
as
60%
avons
60%
père.
60%
dans
58%
jour,
57%
sur
57%
temps
57%
temps,
57%
maison,
54%
arrive,
53%
tout
53%
tout,
53%
lui
52%
lui,
52%
Horcruxe
51%
eu,
50%
plus
50%
Voldemort
50%
compagnie
49%
an,
48%
chose,
41%
chose
41%
serons
41%
Bill
40%
Fleur,
40%
fois.
40%
mariage
40%
toute
39%
aller
38%
avant
38%
souviens ?
38%
encore
37%
aussi
36%
idée
36%
non ?
36%
chez
35%
quelque
35%
autre
34%
regarda,
34%
même
33%
puisse
33%
seul
33%
mois,
32%
- Oui,
30%
- Pourquoi ?
29%
abord
27%
voulions.
27%
enfin.
26%
dernière
24%
ans,
22%
devras
22%
dix
22%
rater
22%
savait
21%
basse,
20%
devons
20%
exister
20%
voix
20%
arrière,
19%
dépit
19%
faux
19%
journée
19%
largement
18%
pensée
18%
revenir
18%
pouvait
17%
devant
16%
paraissait
16%
profiter
16%
chemin
14%
coeur
14%
Godric's
14%
Hollow,
14%
ensoleillée
13%
léger
13%
normal
13%
doigts
12%
merveilleux
11%
voyage.
11%
assura
10%
surpris.
10%
finale
9%
ouvrait
9%
sentit
9%
sombre
9%
périlleux
8%
refermèrent
8%
confrontation
7%
inéluctable,
7%
paisible
7%
tortueux
7%
entreprendrait
6%
machinalement
6%
incroyable
5%
rappela
5%
Aucun quiz correspondant
Distribution des résultats
% des personnes avec chaque résultat
Percentile par nombre de réponses
Votre historique - résultats
Vous n’avez pas pris ce quiz